| 000 | 00787nam a2200253Ia 4500 | ||
|---|---|---|---|
| 003 | OSt | ||
| 005 | 20220926005423.0 | ||
| 006 | a|||||r|||| 00| 0 | ||
| 007 | ta | ||
| 008 | 220923b |||||||| |||| 00| 0 eng d | ||
| 020 | _a8170030706 | ||
| 037 | _cGeneral Book | ||
| 040 |
_aRTL _cRTL _beng |
||
| 041 |
_2eng _aeng |
||
| 082 | _aY:48.49G.N8, M6.1 | ||
| 100 |
_aPhadnis Urmila, etc Ed. _9310270 |
||
| 245 | 0 | _aDomestic conflicts in South Asia Vol 1 Polotical Dimensions | |
| 260 |
_a New Delhi _bSouth Asian Publishers _c1986 |
||
| 300 |
_axix, 191p _ccm. |
||
| 490 |
_vV1: Political dimensions. 191p _aWorks on South Asia |
||
| 650 | _aSocial Conflict | ||
| 942 |
_hY:48.49G.N8, M6.1 _cGB _2CC |
||
| 999 |
_c613783 _d613783 |
||